Technologie de la GED /

Introduction à la GED, Desciption fonctionnelle et exemples de GED, Contenu et Structure de documents, Techniques et normes de représentation de contenu, Technique et normes de structuration des documents....

Đã lưu trong:
書目詳細資料
主要作者: Dupoirier, Gérard.
格式: 圖書
語言:French
出版: Hermes : Paris, 1994.
主題:
標簽: 添加標簽
沒有標簽, 成為第一個標記此記錄!
Thư viện lưu trữ: Mạng thư viện Đại học Đà Nẵng
LEADER 01019cam a2200349 i 4500
001 000044256
003 2608
005 20030402110409.0
008 010307|1994 vm 000 fre
020 |a 2866014324 
022 |a T 
040 |a IRC  |c IRC  |d IRC 
041 0 |a fre 
082 1 4 |a 537.1  |b DU-G 
100 1 |a Dupoirier, Gérard. 
245 0 0 |a Technologie de la GED /  |c Gérard Dupoirier. 
260 |a Hermes :  |b Paris,  |c 1994. 
300 |a 228Tr. ;  |c 23,5cm. 
520 3 |a Introduction à la GED, Desciption fonctionnelle et exemples de GED, Contenu et Structure de documents, Techniques et normes de représentation de contenu, Technique et normes de structuration des documents.... 
630 0 4 |a Technologie. 
630 0 4 |a De la GED. 
650 0 4 |a Technologie. 
OWN |a DUT 
999 |a From the UDN01 
TYP |a Monograph 
TYP |a Printed language 
980 |a Mạng thư viện Đại học Đà Nẵng